000
00345nam a2200145 a 4500
005
20140414093841.0
008
071009s19uu xx uuu eng d
050
_a
VCD 320
_b
BAT 2002
245
_a
Battleground.
260
_a
Sl :
_b
Warner Brothers,
_c
c2002.
300
_a
2 video disks
650
_a
Film.
942
_c
AVM
999
_c
109282
_d
109282